| 000 | 00343nam a22000977a 4500 | ||
|---|---|---|---|
| 008 | 200907b ||||| |||| 00| 0 eng d | ||
| 100 | _aRobert Siegel Auction Gallaeries | ||
| 245 | _aCivil War Postal Histort - Ambassador Collection (auction Sept 9, 2020) | ||
| 260 |
_bRobert Siegel Acution Gallaries _c2020 |
||
| 650 | _aUS; Civil War; Postal History | ||
| 999 |
_c3086 _d3086 |
||